[Event "Bad Breisig op"]
[Site "?"]
[Date "2001.??.??"]
[Round "1"]
[White "Boidman, Yuri"]
[Black "Reimann, Guenther"]
[Result "1-0"]
[WhiteElo "2434"]
[BlackElo "1827"]
[Annotator "ChessOrg"]
[PlyCount "93"]

1. e4 e6 2. Nf3 d5 3. Nc3 Nf6 4. e5 Nfd7 5. d4 c5 6. Ne2 cxd4 7. Nexd4 a6 8. c3
Nc6 9. Nxc6 bxc6 10. Bd3 Qc7 11. Bf4 a5 12. O-O Ba6 13. Bxa6 Rxa6 14. c4 Be7
15. Rc1 Qb7 16. Nd4 O-O 17. Qg4 Re8 18. b3 Bf8 19. Rc3 f5 20. Qe2 Bb4 21. Rh3
Nf8 22. Rc1 Be7 23. cxd5 cxd5 24. Rhc3 Raa8 25. g4 Ba3 26. R1c2 Ng6 27. Qf3
fxg4 28. Qxg4 Qf7 29. Bg3 Qe7 30. h4 Qf7 31. Rc7 Re7 32. Rxe7 Qxe7 33. Qxe6+
Qxe6 34. Nxe6 h5 35. Rc7 Ne7 36. Bf4 Nf5 37. Rd7 Re8 38. Nc7 Rf8 39. Bg5 d4 40.
Ne6 Rf7 41. Rd8+ Kh7 42. Nxd4 Nxd4 43. Rxd4 Rf5 44. Rd5 Bb2 45. Rxa5 Bd4 46.
Be3 Bxe5 47. f4 1-0

[Event "Bad Breisig op"]
[Site "?"]
[Date "2001.??.??"]
[Round "1"]
[White "Noettger, Eckard"]
[Black "Schild, Willi"]
[Result "0-1"]
[WhiteElo "1780"]
[BlackElo "2237"]
[Annotator "ChessOrg"]
[PlyCount "148"]

1. d4 d5 2. Nf3 Nf6 3. e3 e6 4. Bd3 c5 5. c3 Nc6 6. Nbd2 Bd6 7. dxc5 Bxc5 8.
O-O O-O 9. e4 Qc7 10. Qe2 Ng4 11. h3 Nge5 12. exd5 exd5 13. Bc2 Re8 14. Nxe5
Nxe5 15. Nf3 Bd7 16. Bf4 Nxf3+ 17. Qxf3 Qc6 18. Rad1 Be6 19. Rd2 Rad8 20. Rfd1
Rd7 21. Bb3 Red8 22. Be5 a6 23. Qg3 Bf8 24. Rd4 Bf5 25. R1d2 b5 26. Bd1 f6 27.
Rf4 Qe6 28. Rxf5 Qxf5 29. Bc7 Bd6 30. Bxd6 Rxd6 31. Bg4 Qe5 32. Qd3 Qe4 33. Qf1
d4 34. c4 d3 35. cxb5 axb5 36. Qd1 Kf8 37. Bf3 Qe5 38. g3 Qd4 39. Kg2 Rc8 40.
Bg4 Rc5 41. Kh2 g6 42. Qb3 Qc4 43. Qa3 f5 44. Bd1 b4 45. Qa8+ Rc8 46. Qa7 Qc7
47. Qe3 Re8 48. Qh6+ Qg7 49. Qf4 Rd4 50. Qf3 Qe7 51. Rxd3 Qe4 52. Rxd4 Qxd4 53.
Bb3 Qxb2 54. Qf4 Qe5 55. Qxb4+ Qe7 56. Qc4 Kg7 57. Qc3+ Qf6 58. Qc7+ Re7 59.
Qc4 Kh6 60. a4 g5 61. a5 f4 62. Qd3 fxg3+ 63. Kxg3 Qf4+ 64. Kg2 Qe4+ 65. Qf3
Qxf3+ 66. Kxf3 Ra7 67. Kg4 Rxa5 68. f4 gxf4 69. Kxf4 Ra3 70. Be6 Kh5 71. Bg4+
Kh4 72. Bd7 Ra7 73. Be6 Ra1 74. Kf3 Rg1 0-1

[Event "Bad Breisig op"]
[Site "?"]
[Date "2001.??.??"]
[Round "1"]
[White "Moerger, Karl-Heinz"]
[Black "Becher, Helmut"]
[Result "1/2-1/2"]
[WhiteElo "1790"]
[BlackElo "2207"]
[Annotator "ChessOrg"]
[PlyCount "85"]

1. e4 c5 2. Nf3 Nc6 3. d4 cxd4 4. Nxd4 Nf6 5. Nc3 d6 6. Be2 e5 7. Nb3 Be7 8.
O-O O-O 9. Be3 Be6 10. f4 exf4 11. Bxf4 Ne5 12. Qd4 Qc7 13. Rac1 a6 14. Nd5
Bxd5 15. exd5 Nfd7 16. c4 b6 17. Qe3 Bf6 18. Bg5 Ng6 19. Bxf6 Nxf6 20. Qh3 Rae8
21. Bd3 Re5 22. Rce1 Qe7 23. Rxe5 Qxe5 24. Bxg6 hxg6 25. Qc3 Qxc3 26. bxc3 Rc8
27. Nd2 Rc5 28. Rb1 Ra5 29. Rb2 b5 30. cxb5 axb5 31. c4 bxc4 32. Nxc4 Rxd5 33.
Rd2 Rxd2 34. Nxd2 Kf8 35. Kf2 Ke7 36. Kf3 Ke6 37. Ne4 Nd5 38. a4 f5 39. Nd2 g5
40. a5 g4+ 41. Kg3 g5 42. a6 Nb6 43. a7 1/2-1/2

[Event "Bad Breisig op"]
[Site "?"]
[Date "2001.??.??"]
[Round "1"]
[White "Weisshaupt, Rainer"]
[Black "Schmitz, Karl-Alfred"]
[Result "1/2-1/2"]
[WhiteElo "2183"]
[BlackElo "1750"]
[Annotator "ChessOrg"]
[PlyCount "84"]

1. d4 d5 2. c4 e6 3. Nc3 Nf6 4. Bg5 c6 5. e3 Nbd7 6. Nf3 Qa5 7. Qc2 Ne4 8. c5
Nxg5 9. Nxg5 h6 10. Nf3 b6 11. cxb6 axb6 12. Be2 Bb4 13. O-O Bxc3 14. bxc3 O-O
15. c4 Ba6 16. Rfc1 Rfc8 17. Nd2 c5 18. dxc5 bxc5 19. Bf3 Ne5 20. cxd5 Nxf3+
21. gxf3 exd5 22. Nb3 Qb6 23. Nxc5 Qf6 24. Qd1 Be2 25. Qxe2 Rxc5 26. Rab1 Rca5
27. Rc2 Qh4 28. Rd1 Qg5+ 29. Kh1 Qf5 30. Rcd2 Qe6 31. f4 d4 32. exd4 Qxe2 33.
Rxe2 Rxa2 34. Rxa2 Rxa2 35. Kg2 Kf8 36. Rb1 Ra3 37. Rb5 Rd3 38. Rb4 Ke7 39.
Rb7+ Kf6 40. Rd7 Ke6 41. Rd8 Ke7 42. Rd5 Ke6 1/2-1/2

[Event "Bad Breisig op"]
[Site "?"]
[Date "2001.??.??"]
[Round "1"]
[White "Weber, Gerhard"]
[Black "Wempe, Juergen"]
[Result "1-0"]
[WhiteElo "2130"]
[BlackElo "2177"]
[Annotator "ChessOrg"]
[PlyCount "101"]

1. e4 c5 2. Nf3 Nf6 3. e5 Nd5 4. g3 Nc6 5. Bg2 d6 6. exd6 e6 7. O-O Bxd6 8. d4
O-O 9. c4 Nf6 10. Nc3 cxd4 11. Nxd4 Ne5 12. b3 Bc5 13. Nc2 Qd3 14. Qxd3 Nxd3
15. Be3 Bxe3 16. Nxe3 Rb8 17. Rad1 Nb4 18. Rd2 Re8 19. Rfd1 e5 20. Nb5 Nc6 21.
Nd6 Rd8 22. Nxc8 Rbxc8 23. Nf5 Rxd2 24. Rxd2 Rd8 25. Rxd8+ Nxd8 26. Nd6 Nc6 27.
Bxc6 bxc6 28. Nc8 Kf8 29. Nxa7 c5 30. Nc6 e4 31. a4 Ke8 32. b4 cxb4 33. Nxb4
Kd7 34. a5 Kc8 35. Kf1 Kb7 36. Ke2 Ng4 37. h3 Ne5 38. c5 Nc4 39. a6+ Ka7 40. f3
exf3+ 41. Kxf3 Nd2+ 42. Ke3 Nb3 43. c6 Kb6 44. Ke4 g6 45. Kd5 f5 46. Kd6 Nd4
47. Kd7 Nb5 48. Nd5+ Ka7 49. c7 Nxc7 50. Nxc7 g5 51. Nd5 1-0

[Event "Bad Breisig op"]
[Site "?"]
[Date "2001.??.??"]
[Round "1"]
[White "Auf'm Wasser, Guenter"]
[Black "Zaschke, Benjamin"]
[Result "0-1"]
[WhiteElo "1693"]
[BlackElo "2041"]
[Annotator "ChessOrg"]
[PlyCount "74"]

1. d4 Nf6 2. e3 g6 3. Bd3 d5 4. f4 Bg7 5. Nf3 b6 6. O-O O-O 7. Qe2 Nbd7 8. Nbd2
c5 9. c3 Bb7 10. Ba6 Qc8 11. Bxb7 Qxb7 12. Re1 Rfe8 13. Nf1 Ne4 14. N1d2 f5 15.
Nxe4 dxe4 16. Ng5 e6 17. g4 h6 18. Nh3 cxd4 19. exd4 Nf6 20. g5 Nd5 21. Be3 h5
22. Bd2 Rec8 23. Nf2 b5 24. a4 a6 25. axb5 axb5 26. Rxa8 Rxa8 27. Rf1 Ra2 28.
Nd1 b4 29. Qc4 Qa6 30. Qxa6 Rxa6 31. Kg2 bxc3 32. Nxc3 Bxd4 33. Nxd5 exd5 34.
Rc1 Bxb2 35. Rc2 Rb6 36. Rc8+ Kf7 37. Rc7+ Ke6 0-1

[Event "Bad Breisig op"]
[Site "?"]
[Date "2001.??.??"]
[Round "1"]
[White "Rehm, Ulrich"]
[Black "Meyer, Lars"]
[Result "1-0"]
[WhiteElo "1992"]
[BlackElo "1696"]
[Annotator "ChessOrg"]
[PlyCount "89"]

1. d4 Nf6 2. c4 c5 3. d5 b5 4. cxb5 a6 5. bxa6 Bxa6 6. Nc3 g6 7. e4 Bxf1 8.
Kxf1 d6 9. Qe2 Bg7 10. h4 h5 11. Nh3 Ng4 12. f3 Ne5 13. Nf2 Na6 14. Nb5 Nb4 15.
a4 c4 16. Bd2 Nbd3 17. Bc3 Nxf2 18. Qxf2 Nd3 19. Qc2 Be5 20. Bxe5 Nxe5 21. f4
Ng4 22. Qc3 O-O 23. Rh3 Qb6 24. Qd4 Rfb8 25. Qxb6 Rxb6 26. Raa3 Nf6 27. Rhe3
Ng4 28. Rec3 Rc8 29. Ke2 Nf6 30. Ke3 e6 31. Kd4 exd5 32. exd5 Rc5 33. Rxc4
Rxd5+ 34. Ke3 Rd1 35. Ke2 Rh1 36. Rb4 Rxh4 37. a5 Rc6 38. Nc3 Ra6 39. Rb6 Ra8
40. a6 Nd7 41. Rxd6 Nc5 42. Nd5 Rh1 43. Rc6 Re8+ 44. Kd2 Ne6 45. Nf6+ 1-0

[Event "Bad Breisig op"]
[Site "?"]
[Date "2001.??.??"]
[Round "1"]
[White "Karwatzki, Hans-Juergen"]
[Black "Gerndorf, Michael"]
[Result "0-1"]
[WhiteElo "1557"]
[BlackElo "1976"]
[Annotator "ChessOrg"]
[PlyCount "62"]

1. e4 e5 2. f4 d5 3. exd5 e4 4. Bb5+ Bd7 5. Bxd7+ Nxd7 6. d3 Ngf6 7. dxe4 Nxe4
8. Qf3 Ndf6 9. Nc3 Bb4 10. Nge2 Qxd5 11. O-O Nxc3 12. Nxc3 Bxc3 13. Qxc3 O-O-O
14. Be3 Rhe8 15. Rf3 Re6 16. f5 Rc6 17. Qb3 Qxb3 18. axb3 Rxc2 19. Rf2 Rxf2 20.
Kxf2 a6 21. Kf3 Rd3 22. Ra3 Nd5 23. Ke4 Rxe3+ 24. Kxd5 Re2 25. g4 Rxh2 26. b4
Rxb2 27. Rh3 Rxb4 28. g5 Rg4 29. g6 fxg6 30. f6 gxf6 31. Rxh7 Kb8 0-1

[Event "Bad Breisig op"]
[Site "?"]
[Date "2001.??.??"]
[Round "1"]
[White "Wempe, Moritz"]
[Black "Gerhards, Walter"]
[Result "0-1"]
[WhiteElo "1176"]
[BlackElo "1834"]
[Annotator "ChessOrg"]
[PlyCount "74"]

1. e4 e6 2. Nc3 c5 3. Bb5 a6 4. Ba4 b5 5. Bb3 c4 6. Bxc4 bxc4 7. Qe2 Qc7 8. d4
Bb4 9. Bd2 Nf6 10. a3 Bxc3 11. Bxc3 Bb7 12. f3 O-O 13. Qe3 d5 14. Bb4 Re8 15.
e5 Nfd7 16. Ne2 Nc6 17. Bd2 Ne7 18. O-O Nf5 19. Qg5 Qb6 20. Bc3 Nf8 21. Nf4 h6
22. Qg4 Ne3 23. Qg3 Nxf1 24. Rxf1 Qd8 25. Nh5 Qg5 26. Nf6+ gxf6 27. exf6 Qxg3
28. hxg3 Nh7 29. Bd2 e5 30. dxe5 Rxe5 31. Bxh6 Rae8 32. Bd2 d4 33. f4 Re2 34.
Bb4 Rxg2+ 35. Kh1 Rxc2+ 36. Kg1 Rg2+ 37. Kh1 Ree2 0-1

[Event "Bad Breisig op"]
[Site "?"]
[Date "2001.??.??"]
[Round "1"]
[White "Reinke, Kurt"]
[Black "Kirchgessner, Hans"]
[Result "1-0"]
[WhiteElo "1828"]
[BlackElo "1801"]
[Annotator "ChessOrg"]
[PlyCount "115"]

1. d4 Nf6 2. Nf3 g6 3. c4 Bg7 4. Nc3 d6 5. e4 O-O 6. Be2 e5 7. O-O Nbd7 8. h3
c6 9. Be3 Qc7 10. Rc1 Re8 11. d5 a6 12. b4 c5 13. a3 b6 14. Ne1 Nf8 15. Qd2 Bd7
16. Nd3 Kh8 17. Bh6 Bxh6 18. Qxh6 Ng8 19. Qd2 f5 20. f4 exf4 21. Qxf4 Rad8 22.
h4 fxe4 23. Nxe4 Bf5 24. Ndf2 Qe7 25. Bf3 Qe5 26. Qxe5+ Rxe5 27. Ng5 Kg7 28.
Ng4 Re7 29. Nf2 Nf6 30. g4 Bc8 31. Ngh3 Re3 32. Kg2 Rxa3 33. Rce1 cxb4 34. Re7+
Kg8 35. g5 N6d7 36. Ng4 Ne5 37. Nh6+ Kh8 38. Nf4 Nfd7 39. Ne6 Nxf3 40. Rxf3
Rxf3 41. Nxd8 Rf8 42. Ndf7+ Rxf7 43. Rxf7 b3 44. Re7 Nf8 45. Nf7+ Kg8 46. Nxd6
Bf5 47. Nxf5 gxf5 48. Re3 Kf7 49. Rxb3 Nd7 50. Re3 a5 51. h5 Nc5 52. Re5 a4 53.
Rxf5+ Ke7 54. g6 hxg6 55. hxg6 a3 56. g7 a2 57. Rf1 Nb3 58. g8=Q 1-0

[Event "Bad Breisig op"]
[Site "?"]
[Date "2001.??.??"]
[Round "2"]
[White "Gerndorf, Michael"]
[Black "Boidman, Yuri"]
[Result "0-1"]
[WhiteElo "1976"]
[BlackElo "2434"]
[Annotator "ChessOrg"]
[PlyCount "68"]

1. e4 c5 2. Nf3 Nc6 3. d4 cxd4 4. Nxd4 Nf6 5. Nc3 d6 6. Bc4 e6 7. Be3 Be7 8.
O-O O-O 9. Bb3 a6 10. f4 Nxd4 11. Bxd4 b5 12. a3 Bb7 13. Qf3 a5 14. Rfe1 a4 15.
Ba2 Qa5 16. Qf2 b4 17. Bb6 Qh5 18. axb4 a3 19. bxa3 Rxa3 20. Bb3 Rxa1 21. Rxa1
Rc8 22. Qe1 d5 23. Nd1 Nxe4 24. Bd4 Bd6 25. g3 Qg6 26. Kh1 h5 27. c3 h4 28.
gxh4 Bxf4 29. Ra2 e5 30. Rg2 Qc6 31. Be3 d4 32. Bxf4 exf4 33. Kg1 dxc3 34. Qe2
Nd2 0-1

[Event "Bad Breisig op"]
[Site "?"]
[Date "2001.??.??"]
[Round "2"]
[White "Schild, Willi"]
[Black "Woeltge, Carsten"]
[Result "0-1"]
[WhiteElo "2237"]
[BlackElo "1933"]
[Annotator "ChessOrg"]
[PlyCount "68"]

1. d4 Nf6 2. Nf3 g6 3. Bf4 d6 4. h3 Bg7 5. e3 O-O 6. Be2 Nbd7 7. O-O c6 8. c4
Qb6 9. Qb3 Qa5 10. Nc3 e5 11. Bh2 e4 12. Nd2 d5 13. Rfd1 Re8 14. cxd5 cxd5 15.
Rac1 a6 16. a3 Nf8 17. Na4 b5 18. Nc5 Qd8 19. Qc2 g5 20. b4 g4 21. hxg4 Nxg4
22. Bg3 h5 23. Bxg4 Bxg4 24. Re1 Bc8 25. f3 f5 26. fxe4 fxe4 27. Nf1 h4 28. Bf4
Ng6 29. g3 Nxf4 30. gxf4 Ra7 31. Qf2 Kh7 32. Kh2 Bf6 33. Nd2 h3 34. Rcd1 Bh4
0-1

[Event "Bad Breisig op"]
[Site "?"]
[Date "2001.??.??"]
[Round "2"]
[White "Zaschke, Benjamin"]
[Black "Weber, Gerhard"]
[Result "1-0"]
[WhiteElo "2041"]
[BlackElo "2130"]
[Annotator "ChessOrg"]
[PlyCount "57"]

1. d4 Nf6 2. Nf3 g6 3. c4 Bg7 4. Nc3 d6 5. e4 O-O 6. Be2 e5 7. O-O Nc6 8. d5
Ne7 9. Ne1 Nd7 10. Be3 f5 11. f3 f4 12. Bf2 g5 13. a4 a5 14. Nd3 b6 15. b4 axb4
16. Nxb4 Nc5 17. Nd3 Nxd3 18. Qxd3 h5 19. Be1 Bd7 20. Nb5 Rf7 21. a5 Nc8 22.
Bb4 Bxb5 23. cxb5 bxa5 24. Bxa5 Nb6 25. Rfc1 Ra7 26. Be1 Qa8 27. Qc3 Rf8 28.
Rxa7 Qxa7 29. Qxc7 1-0

[Event "Bad Breisig op"]
[Site "?"]
[Date "2001.??.??"]
[Round "2"]
[White "Gerhards, Walter"]
[Black "Rehm, Ulrich"]
[Result "0-1"]
[WhiteElo "1834"]
[BlackElo "1992"]
[Annotator "ChessOrg"]
[PlyCount "98"]

1. e4 g6 2. d4 Bg7 3. Nc3 d6 4. f4 Nf6 5. Nf3 O-O 6. Bc4 Nxe4 7. Bxf7+ Rxf7 8.
Nxe4 Bg4 9. O-O Qd7 10. h3 Bxf3 11. Rxf3 e6 12. c3 Nc6 13. b4 Kh8 14. Qb3 Nxd4
15. Qd1 Nxf3+ 16. Qxf3 e5 17. Ng5 Rff8 18. Qxb7 exf4 19. Bxf4 Rab8 20. Qxa7
Rxb4 21. Bd2 Rb2 22. Rd1 Qc6 23. Ne6 Ra8 24. Qe3 Re8 25. Re1 Qd5 26. Nxc7 Rxe3
27. Nxd5 Re5 28. Rxe5 Bxe5 29. Bf4 Bxf4 30. Nxf4 Rxa2 31. Kf1 Kg7 32. Ne2 Kf6
33. Kf2 Ke5 34. Kf3 Kd5 35. g4 Kc4 36. Nd4 Rd2 37. h4 Rxd4 38. cxd4 Kxd4 39.
Kf4 d5 40. g5 Kc3 41. Ke5 d4 42. Kf6 d3 43. Kg7 d2 44. Kxh7 d1=Q 45. Kxg6 Kd4
46. h5 Ke5 47. h6 Qd3+ 48. Kg7 Qd7+ 49. Kf8 Qh7 0-1

[Event "Bad Breisig op"]
[Site "?"]
[Date "2001.??.??"]
[Round "2"]
[White "Wempe, Juergen"]
[Black "Noras, Peter"]
[Result "1-0"]
[WhiteElo "2177"]
[BlackElo "1699"]
[Annotator "ChessOrg"]
[PlyCount "71"]

1. d4 d5 2. Nf3 Nf6 3. Bf4 Bf5 4. c4 e6 5. Qb3 b6 6. Nc3 Bd6 7. Ne5 O-O 8. e3
dxc4 9. Bxc4 Nh5 10. Bg3 Nd7 11. Nc6 Qg5 12. Qd1 Ndf6 13. Bd3 Rae8 14. e4 Bxg3
15. hxg3 Bg6 16. Qf3 a5 17. Be2 e5 18. dxe5 Rxe5 19. Nxe5 Qxe5 20. Rd1 Re8 21.
Qe3 h6 22. f4 Qe7 23. e5 Qb4 24. Rd2 c6 25. Rh4 Nxg3 26. Qxg3 Ne4 27. Nxe4 Qxe4
28. f5 Qxf5 29. Bd3 Rxe5+ 30. Kd1 Bh5+ 31. Kc1 Rc5+ 32. Kb1 Qc8 33. Rd4 Rg5 34.
Qd6 Bg6 35. Bxg6 Rxg6 36. Qxg6 1-0

[Event "Bad Breisig op"]
[Site "?"]
[Date "2001.??.??"]
[Round "2"]
[White "Reimann, Guenther"]
[Black "Karwatzki, Hans-Juergen"]
[Result "0-1"]
[WhiteElo "1827"]
[BlackElo "1557"]
[Annotator "ChessOrg"]
[PlyCount "48"]

1. d4 Nf6 2. c4 e5 3. d5 Bc5 4. e3 d6 5. Nf3 Bg4 6. Be2 O-O 7. O-O Nbd7 8. Nc3
a6 9. Qc2 Re8 10. b3 h6 11. Bb2 Ba7 12. Rad1 Qe7 13. Kh1 Nf8 14. h3 Bd7 15. Ba3
g5 16. Nh2 Ng6 17. Bc1 e4 18. Bb2 h5 19. f4 g4 20. hxg4 Bxe3 21. g5 Ng4 22.
Nxg4 hxg4 23. g3 f6 24. gxf6 Qh7+ 0-1

[Event "Bad Breisig op"]
[Site "?"]
[Date "2001.??.??"]
[Round "2"]
[White "Kirchgessner, Hans"]
[Black "Wempe, Moritz"]
[Result "1-0"]
[WhiteElo "1801"]
[BlackElo "1176"]
[Annotator "ChessOrg"]
[PlyCount "63"]

1. c4 e5 2. Nc3 Nf6 3. g3 c6 4. Nf3 e4 5. Ng5 d5 6. Bg2 Bf5 7. cxd5 cxd5 8. d3
Bb4 9. a3 Bxc3+ 10. bxc3 Qe7 11. O-O h6 12. Nh3 g5 13. Kh1 Nbd7 14. Be3 Ne5 15.
dxe4 dxe4 16. Bd4 Rd8 17. Qa4+ Nc6 18. Qb5 Bc8 19. f4 a6 20. Qb2 Nxd4 21. cxd4
O-O 22. fxg5 Bxh3 23. Bxh3 hxg5 24. Qd2 e3 25. Qd3 g4 26. Bg2 Rfe8 27. Qf5 Ne4
28. Qxg4+ Kf8 29. Qh5 Nf2+ 30. Rxf2 Kg7 31. Rf4 Qd6 32. Rxf7+ 1-0

[Event "Bad Breisig op"]
[Site "?"]
[Date "2001.??.??"]
[Round "2"]
[White "Meyer, Lars"]
[Black "Noettger, Eckard"]
[Result "1-0"]
[WhiteElo "1696"]
[BlackElo "1780"]
[Annotator "ChessOrg"]
[PlyCount "71"]

1. e4 c5 2. Nf3 e6 3. d3 Nc6 4. g3 g6 5. Bg2 Bg7 6. O-O d6 7. Nbd2 Qc7 8. Re1
b5 9. e5 d5 10. c4 bxc4 11. dxc4 Rb8 12. cxd5 exd5 13. Ng5 Nge7 14. Bxd5 Nxd5
15. Nc4 Nd4 16. Nd6+ Kf8 17. Ndxf7 Qc6 18. e6 Bb7 19. Re4 Re8 20. Nxh8 Bxh8 21.
Rxd4 Ne3 22. Rf4+ Kg8 23. Qf3 Qxf3 24. Nxf3 Nc2 25. Rb1 Rxe6 26. Bd2 Re2 27.
Bc3 Be4 28. Ng5 Bf5 29. Rd1 Nd4 30. Bxd4 Bxd4 31. g4 Bc8 32. Re4 Rxb2 33. Re8+
Kg7 34. Rxc8 Bxf2+ 35. Kh1 Bd4 36. Ne6+ 1-0

[Event "Bad Breisig op"]
[Site "?"]
[Date "2001.??.??"]
[Round "2"]
[White "Meyer, Marco"]
[Black "Auf'm Wasser, Guenter"]
[Result "1-0"]
[WhiteElo "1602"]
[BlackElo "1693"]
[Annotator "ChessOrg"]
[PlyCount "71"]

1. e4 e5 2. Nc3 Bc5 3. f4 Bxg1 4. Rxg1 d6 5. d4 Qh4+ 6. g3 Qxh2 7. Rg2 Qh3 8.
f5 Bxf5 9. exf5 Nc6 10. dxe5 Nxe5 11. Qe2 O-O-O 12. f6 Nxf6 13. Bf4 Rhe8 14.
O-O-O Ng6 15. Rh2 Qd7 16. Bh3 Qxh3 17. Rxh3 Nxf4 18. gxf4 Rxe2 19. Nxe2 Re8 20.
Nd4 h6 21. Nf5 Ng4 22. Rc3 Kd7 23. Nxg7 Re2 24. Ra3 Ne3 25. Rh1 Rxc2+ 26. Kb1
Re2 27. Rxa7 Kc6 28. Ra3 b5 29. Rc1+ Kb6 30. Rac3 c5 31. a3 Nd5 32. R3c2 Re4
33. Nf5 Re6 34. Rd2 Kc6 35. Rcd1 Nxf4 36. Rxd6+ 1-0

[Event "Bad Breisig op"]
[Site "?"]
[Date "2001.??.??"]
[Round "3"]
[White "Boidman, Yuri"]
[Black "Rehm, Ulrich"]
[Result "1-0"]
[WhiteElo "2434"]
[BlackElo "1992"]
[Annotator "ChessOrg"]
[PlyCount "61"]

1. e4 g6 2. d4 Bg7 3. c4 d6 4. Nc3 Nc6 5. Be3 e5 6. d5 Nd4 7. Nge2 Nxe2 8. Bxe2
f5 9. exf5 gxf5 10. Bh5+ Kf8 11. f4 e4 12. O-O Nf6 13. c5 Bd7 14. Be2 Rg8 15.
Qb3 b6 16. cxd6 cxd6 17. Rac1 Ne8 18. Nb5 Bf6 19. Nd4 Kg7 20. Nc6 Bxc6 21. dxc6
d5 22. Rfd1 Nc7 23. Bc4 dxc4 24. Qxc4 Qf8 25. Rd7+ Kh8 26. Rxc7 Bxb2 27. Bd4+
Bxd4+ 28. Qxd4+ Rg7 29. Rc3 Rc8 30. Rxc8 Qxc8 31. Rg3 1-0

[Event "Bad Breisig op"]
[Site "?"]
[Date "2001.??.??"]
[Round "3"]
[White "Reinke, Kurt"]
[Black "Zaschke, Benjamin"]
[Result "0-1"]
[WhiteElo "1828"]
[BlackElo "2041"]
[Annotator "ChessOrg"]
[PlyCount "94"]

1. d4 Nf6 2. Nf3 g6 3. c4 c5 4. d5 b5 5. cxb5 a6 6. b6 Qxb6 7. Nc3 Bg7 8. e4 d6
9. Nd2 Nbd7 10. Nc4 Qc7 11. f4 O-O 12. Be2 Nb6 13. Ne3 e6 14. e5 Nfxd5 15.
Ncxd5 exd5 16. Nxd5 Nxd5 17. Qxd5 Bb7 18. exd6 Rfe8 19. Kf1 Bxd5 20. dxc7 Bxg2+
21. Kxg2 Rxe2+ 22. Kf3 Re7 23. Be3 Rxc7 24. Rac1 Bxb2 25. Rc2 Ba3 26. Rb1 c4
27. Rc3 Bf8 28. Bd4 Bg7 29. Bxg7 Kxg7 30. Rb4 Rac8 31. a4 Rc5 32. Ke4 h6 33.
Kd4 g5 34. fxg5 hxg5 35. Rb6 R8c6 36. Rb7 Kg6 37. Rb8 f6 38. Rb2 Ra5 39. Rb4
Rf5 40. Rbxc4 Rf4+ 41. Kd5 Rfxc4 42. Rxc4 Rxc4 43. Kxc4 f5 44. Kc5 f4 45. Kd4
Kh5 46. Kd3 Kh4 47. Ke2 Kh3 0-1

[Event "Bad Breisig op"]
[Site "?"]
[Date "2001.??.??"]
[Round "3"]
[White "Woeltge, Carsten"]
[Black "Gerndorf, Michael"]
[Result "0-1"]
[WhiteElo "1933"]
[BlackElo "1976"]
[Annotator "ChessOrg"]
[PlyCount "96"]

1. d4 d5 2. Nf3 Nf6 3. c4 c6 4. Nc3 dxc4 5. e4 b5 6. e5 Nd5 7. a4 e6 8. axb5
Nxc3 9. bxc3 cxb5 10. Ng5 Bb7 11. Qh5 g6 12. Qg4 Nd7 13. Be2 Nb6 14. Bf3 Bd5
15. Qf4 Qd7 16. Qf6 Rg8 17. Nxh7 Be7 18. Qf4 Bxf3 19. Qxf3 Qd5 20. Qg4 Rh8 21.
Ng5 Na4 22. Ne4 Rh4 23. Nd6+ Qxd6 24. Qxh4 Bxh4 25. exd6 Nxc3 26. g3 Bf6 27.
Be3 Kd7 28. Ra6 Bd8 29. h4 Bb6 30. h5 gxh5 31. Rxh5 f5 32. Bf4 Nd5 33. Rh7+ Kc6
34. Be5 Nb4 35. Rc7+ Kd5 36. Rxb6 axb6 37. d7 Nd3+ 38. Kd2 Nxe5 39. dxe5 Rd8
40. Kc3 Kxe5 41. Rb7 Kd5 42. Rxb6 Kc5 43. Rxe6 Rxd7 44. Rf6 b4+ 45. Kc2 b3+ 46.
Kc1 Rd5 47. f3 Kb4 48. g4 Kc3 0-1

[Event "Bad Breisig op"]
[Site "?"]
[Date "2001.??.??"]
[Round "3"]
[White "Kirchgessner, Hans"]
[Black "Schild, Willi"]
[Result "1/2-1/2"]
[WhiteElo "1801"]
[BlackElo "2237"]
[Annotator "ChessOrg"]
[PlyCount "87"]

1. d4 d5 2. c4 e6 3. Nc3 Nf6 4. Bg5 c5 5. e3 cxd4 6. exd4 Be7 7. Nf3 O-O 8. Bd3
dxc4 9. Bxc4 a6 10. O-O b5 11. Bd3 Bb7 12. Ne5 Nbd7 13. Rc1 Nb6 14. Re1 Nbd5
15. Ne4 h6 16. Bxf6 Nxf6 17. Nxf6+ Bxf6 18. Qg4 Rc8 19. Be4 Bxe4 20. Qxe4 Bxe5
21. dxe5 Qd2 22. Qb1 Rfd8 23. g3 Rxc1 24. Qxc1 a5 25. Kf1 Qxc1 26. Rxc1 Rd2 27.
Rb1 Kh7 28. a3 Kg6 29. b4 a4 30. Rc1 Kf5 31. Rc7 f6 32. exf6 gxf6 33. Rc3 Ke5
34. Ke1 Ra2 35. Rc5+ Kd4 36. Rxb5 Kd3 37. Kf1 Ra1+ 38. Kg2 Rxa3 39. Rb6 Rb3 40.
Rxe6 a3 41. Rxf6 Rxb4 42. Rf3+ Kd4 43. Rxa3 Rb6 44. Re3 1/2-1/2

[Event "Bad Breisig op"]
[Site "?"]
[Date "2001.??.??"]
[Round "3"]
[White "Weisshaupt, Rainer"]
[Black "Meyer, Lars"]
[Result "1-0"]
[WhiteElo "2183"]
[BlackElo "1696"]
[Annotator "ChessOrg"]
[PlyCount "99"]

1. Nc3 d5 2. e4 e6 3. f4 c5 4. Nf3 d4 5. Ne2 Nf6 6. Ng3 Qc7 7. Bb5+ Bd7 8.
Bxd7+ Nbxd7 9. d3 h5 10. O-O Ng4 11. Qe2 Ndf6 12. h3 Nh6 13. Ng5 g6 14. c4 dxc3
15. bxc3 O-O-O 16. c4 Qd7 17. Bb2 Bg7 18. Rad1 h4 19. Nh1 Nh5 20. Bxg7 Nxg7 21.
Nf3 Ng8 22. Qf2 Qe7 23. Rd2 f6 24. Nxh4 Rh6 25. Nf3 Qd6 26. Qe3 Nh5 27. e5 fxe5
28. fxe5 Qe7 29. Ng5 Ng7 30. g4 Rd7 31. Rdf2 Nf5 32. gxf5 gxf5 33. Rg2 Rd4 34.
Rf4 Qd8 35. Rxd4 cxd4 36. Qf4 Qb6 37. Kh2 Ne7 38. Nf3 Rh8 39. Rg7 Nc6 40. Qg5
Qb2+ 41. Qg2 Qc3 42. Nf2 Nb4 43. Nxd4 Nd5 44. cxd5 Qxd4 45. Rg8+ Rxg8 46. Qxg8+
Kc7 47. d6+ Kc6 48. Qc8+ Kb6 49. Qc7+ Ka6 50. Qc4+ 1-0

[Event "Bad Breisig op"]
[Site "?"]
[Date "2001.??.??"]
[Round "3"]
[White "Moerger, Karl-Heinz"]
[Black "Wempe, Juergen"]
[Result "1/2-1/2"]
[WhiteElo "1790"]
[BlackElo "2177"]
[Annotator "ChessOrg"]
[PlyCount "104"]

1. e4 c5 2. Nf3 Nf6 3. Nc3 Nc6 4. d4 d5 5. exd5 Nxd5 6. Nxd5 Qxd5 7. Be3 cxd4
8. Nxd4 Nxd4 9. Qxd4 Qxd4 10. Bxd4 f6 11. O-O-O e5 12. Bb5+ Kf7 13. Be3 Be6 14.
a3 Be7 15. Rd2 Rhc8 16. Bd7 Rc7 17. Rhd1 g5 18. g3 h5 19. f4 gxf4 20. gxf4 Bg4
21. Bxg4 hxg4 22. fxe5 fxe5 23. Rg1 Rc4 24. Rdg2 Re4 25. Rg3 Rxe3 26. Rxe3 Bg5
27. Kd2 Rh8 28. Rg2 Rh3 29. Rgg3 Rxh2+ 30. Kd3 Bxe3 31. Kxe3 Rxc2 32. Rxg4 Rxb2
33. Ra4 a6 34. Ke4 Ke6 35. Rc4 Re2+ 36. Kd3 Rh2 37. a4 Rh3+ 38. Kc2 Kd5 39. Rb4
Rh7 40. a5 e4 41. Kd2 Re7 42. Ke3 Kc5 43. Rb6 Kc4 44. Rb1 Kd5 45. Rb4 Rh7 46.
Rd4+ Kc6 47. Rxe4 Rh5 48. Ra4 Kb5 49. Ra1 Rh4 50. Kd3 Ra4 51. Rb1+ Kc6 52. Rc1+
Kd6 1/2-1/2

[Event "Bad Breisig op"]
[Site "?"]
[Date "2001.??.??"]
[Round "3"]
[White "Weber, Gerhard"]
[Black "Meyer, Marco"]
[Result "1-0"]
[WhiteElo "2130"]
[BlackElo "1602"]
[Annotator "ChessOrg"]
[PlyCount "125"]

1. e4 e6 2. d4 d5 3. Nd2 c5 4. exd5 exd5 5. dxc5 Bxc5 6. Bb5+ Bd7 7. Qe2+ Qe7
8. Bxd7+ Nxd7 9. Qxe7+ Nxe7 10. Ngf3 O-O 11. O-O Rac8 12. c3 Nf5 13. Nb3 Bb6
14. Rd1 Nf6 15. Nbd4 Nxd4 16. Nxd4 Rfe8 17. Kf1 a6 18. f3 h6 19. Bf4 g5 20. Bg3
Kh7 21. Bf2 Rcd8 22. Rd2 g4 23. Nc2 Bc7 24. Bd4 Re6 25. Re1 Rxe1+ 26. Kxe1 Kg6
27. Bxf6 Kxf6 28. Ne3 Re8 29. Re2 Kg5 30. Nxg4 Rxe2+ 31. Kxe2 f5 32. Ne3 d4 33.
Nf1 dxc3 34. bxc3 b5 35. g3 Bb6 36. h3 Bc7 37. f4+ Kf6 38. Kd3 Ke6 39. c4 b4
40. c5 h5 41. h4 a5 42. Kc4 Bd8 43. Ne3 Bf6 44. c6 Bc3 45. Nxf5 Be1 46. Ng7+
Kd6 47. Nxh5 Kxc6 48. g4 Kd6 49. Ng7 Ke7 50. h5 Kf7 51. Nf5 Bd2 52. Nd6+ Ke6
53. Nb7 Bxf4 54. Nxa5 Kf6 55. Nc6 b3 56. Kxb3 Kg5 57. a4 Kxg4 58. a5 Kxh5 59.
Kc4 Bc7 60. a6 Bb6 61. Kb5 Bf2 62. Ne7 Kg5 63. Nc8 1-0

[Event "Bad Breisig op"]
[Site "?"]
[Date "2001.??.??"]
[Round "3"]
[White "Karwatzki, Hans-Juergen"]
[Black "Gerhards, Walter"]
[Result "0-1"]
[WhiteElo "1557"]
[BlackElo "1834"]
[Annotator "ChessOrg"]
[PlyCount "35"]

1. e4 e6 2. d4 d5 3. e5 c5 4. c3 Nc6 5. Nf3 f6 6. a3 c4 7. b4 fxe5 8. dxe5 Nge7
9. Bg5 Qc7 10. Be2 Ng6 11. O-O Be7 12. Re1 O-O 13. Be3 Bd7 14. Nbd2 Ncxe5 15.
Nxe5 Nxe5 16. Bd4 Bd6 17. Bh5 Nd3 18. Bxg7 0-1